| 000 | 00626nam a22002293 4500 | ||
|---|---|---|---|
| 001 | 17836 | ||
| 003 | BD-RjUL | ||
| 005 | 20211209000211.0 | ||
| 008 | 140219s1920 enk 000 0 eng d | ||
| 035 | _a(BD-RjUL)17894 | ||
| 040 |
_aEQO _cEQO _beng _dBD-RjUL |
||
| 041 | _aeng | ||
| 082 |
_a820.9 _bSTS |
||
| 100 | 1 |
_aStronach, A. L. _955043 |
|
| 245 | 1 | 0 | _aSimple history of English literature / |
| 260 |
_aLond. &c. : _c1920. _bThomas nelson and sons, |
||
| 300 |
_a276 p. ; _c19 cm. |
||
| 490 | 1 | _aRoyal upper class-readers | |
| 504 | _aIncludes index. | ||
| 830 | 0 |
_aRoyal upper class-readers _955048 |
|
| 942 |
_2ddc _cBK |
||
| 999 |
_c17836 _d17836 |
||